Adivinhe o jogador do Corinthians pela foto (fev/24) - parte 1 - Statistics

Estatísticas Gerais
  • Esse quiz foi jogado 623 vezes
  • A pontuação média é 14 de 16
Estatísticas das Respostas
Imagem Resposta % Correto
Cássio
100%
Yuri Alberto
100%
Romero
98%
Rodrigo Garro
97%
Carlos Miguel
96%
Raniele
94%
Gustavo Mosquito
92%
Maycon
92%
Fausto Vera
90%
Matías Rojas
90%
Matheus França / Matheuzinho
89%
Igor Coronado
88%
Félix Torres
85%
Pedro Henrique
83%
Palacios
76%
Caetano
72%
Nenhum quiz correspondente encontrado
Distribuição das Pontuações
Porcentagem de Pessoas com Cada Pontuação
Percentil de Números Respondidos
Sua Pontuação Histórica
Você não jogou esse quiz